| 000 | 00887cam a2200289 a 4500 | ||
|---|---|---|---|
| 001 | 49874914 | ||
| 003 | OCoLC | ||
| 005 | 20220701165016.0 | ||
| 008 | 020520s2002 oru b 000 1 eng | ||
| 010 | _a2002007491 | ||
| 020 | _a1590520149 (Hard Printed Case Side) | ||
| 040 |
_aDLC _cDLC |
||
| 050 |
_a813.54 _bZ16S |
||
| 082 |
_a813.54 _bZ16S |
||
| 100 | 1 | _aZacharias, Ravi K | |
| 245 | 1 | 0 |
_aSense and sensuality : _bJesus talks with Oscar Wilde on the pursuit of pleasure / _cRavi Zacharias |
| 260 |
_aSisters, Or. : _bMultnomah Publishers, _cc2002 |
||
| 300 |
_a94 p. ; _c17 cm |
||
| 490 | 1 | _aGreat conversations | |
| 504 | _aIncludes bibliographical references (p. 94) | ||
| 600 | 1 | 0 |
_aWilde, Oscar, _d1854-1900 _vFiction |
| 600 | 0 | 0 |
_aJesus Christ _vFiction |
| 650 | 0 | _aImaginary conversations | |
| 650 | 0 | _aPleasure | |
| 830 | 0 | _aGreat conversations | |
| 942 |
_2ddc _cBK |
||
| 999 |
_c10864 _d10864 |
||